[Event "ch-TUR 2013"]
[Site "Antalya TUR"]
[Date "2013.02.06"]
[Round "7.61"]
[White "Temizkan,D"]
[Black "Sensay,Emin"]
[Result "1/2-1/2"]
[WhiteElo "1832"]
[BlackElo "1638"]

1.d4 Nf6 2.c4 g6 3.Nc3 Bg7 4.e4 d6 5.Nf3 O-O 6.Be2 e5 7.O-O Nc6 8.d5 Ne7
9.b4 Nh5 10.Re1 f5 11.Ng5 Nf6 12.Bf3 c6 13.b5 h6 14.Ne6 Bxe6 15.dxe6 fxe4
16.Nxe4 Nxe4 17.Bxe4 d5 18.cxd5 cxd5 19.Bc2 e4 20.Rb1 Qb6 21.Re2 Kh8 22.Ba3 Rae8
23.Bxe7 Rxe7 24.Qxd5 Rxe6 25.Bxe4 Bd4 26.Rf1 Rfe8 27.Rfe1 Rf8 28.Rf1 Rfe8  1/2-1/2

[Event "Moscow Open B 2013"]
[Site "Moscow RUS"]
[Date "2013.02.06"]
[Round "5.4"]
[White "Batsiashvili,N"]
[Black "Makarenko,A"]
[Result "1-0"]
[WhiteElo "2407"]
[BlackElo "2142"]

1.d4 Nf6 2.c4 g6 3.Nc3 Bg7 4.e4 d6 5.Nf3 O-O 6.Be2 e5 7.O-O Nc6 8.d5 Ne7
9.Ne1 Nd7 10.Nd3 b6 11.Bd2 f5 12.f3 f4 13.b4 Nf6 14.c5 g5 15.Rc1 Ng6 16.cxd6 cxd6
17.Nf2 h5 18.Nb5 Rf7 19.Rc6 Bf8 20.Qc2 g4 21.Rc1 Bd7 22.Nxd6 Bxd6 23.Rxd6 Qe7
24.Rxd7 Qxd7 25.Qc6 Qxc6 26.dxc6 Rg7 27.Kf1 gxf3 28.gxf3 Ne8 29.b5 Nc7 30.Bb4 Rd8
31.Rd1 Rxd1+ 32.Nxd1 Kf7 33.Nc3 Ke8 34.Nd5 Kd8 35.a4 Nh8 36.a5 Nxd5 37.exd5 Nf7
38.d6 Rg6 39.axb6 axb6 40.d7 Kc7 41.Bd3 Rh6 42.h4 Kd8 43.Bc3 Ke7 44.Ke2 Nd6
45.Be1 Re6 46.Bf2 e4 47.fxe4 Nxe4 48.Bxe4 Rxe4+ 49.Kf3 Re5 50.Bxb6 Rd5 51.d8=Q+  1-0

[Event "Asian Zonal 3.2 w 2013"]
[Site "Thulhiriya City PHI"]
[Date "2013.02.06"]
[Round "6.5"]
[White "Tharushi,T H D Niklesha"]
[Black "Jayathilake,M"]
[Result "1-0"]
[WhiteElo "1454"]
[BlackElo "1605"]

1.d4 Nf6 2.c4 g6 3.Nc3 Bg7 4.e4 d6 5.Nf3 O-O 6.Be2 e5 7.O-O Nc6 8.d5 Ne7
9.b4 Ne8 10.Nd2 f5 11.f3 f4 12.c5 Rf7 13.Ba3 Kh8 14.Bb5 Bf8 15.Bxe8 Qxe8
16.cxd6 cxd6 17.Qe2 Ng8 18.Rac1 g5 19.Nb5 Qd8 20.Nc4 a6 21.Nc3 Nf6 22.b5 g4
23.bxa6 bxa6 24.Na4 g3 25.Nab6 gxh2+ 26.Kh1 Nh5 27.Kxh2 Ng3 28.Qe1 Nxf1+
29.Qxf1 Rb8 30.Nxc8 Rxc8 31.Nxd6 Bxd6 32.Rxc8 Qxc8 33.Bxd6 Qc3 34.Qxa6 Rg7
35.Qb6 Rg8 36.Qb7 h6 37.Qe7 Rg5 38.Qf8+ Kh7 39.Qf7+ Kh8 40.Be7 Qe1 41.Bf6+  1-0

[Event "Asian Zonal 3.2 w 2013"]
[Site "Thulhiriya City PHI"]
[Date "2013.02.06"]
[Round "6.1"]
[White "Shamima,A"]
[Black "Senarath,Kavindi"]
[Result "1-0"]
[WhiteElo "2135"]
[BlackElo "1605"]

1.d4 Nf6 2.c4 g6 3.Nc3 Bg7 4.e4 d6 5.Be2 O-O 6.Nf3 e5 7.O-O Nc6 8.d5 Ne7
9.b4 Ne8 10.c5 f5 11.Nd2 Nf6 12.f3 f4 13.Nc4 Bd7 14.cxd6 cxd6 15.Kh1 Nc8
16.a4 Rf7 17.b5 Nh5 18.Qe1 Bf6 19.Kg1 Bh4 20.Qd2 g5 21.Ba3 Rg7 22.a5 Rg6
23.Rfc1 g4 24.fxg4 Bxg4 25.Bxg4 Rxg4 26.Qe2 Qg5 27.Nxd6 Nxd6 28.Bxd6 f3 29.Qxf3 Rf4
30.Qh3 Bf2+ 31.Kh1 Rg4 32.Ne2 Rd8 33.Be7 Qg7 34.Bxd8 Rf4 35.Nc3 Qg5  1-0

[Event "ch-TUR 2013"]
[Site "Antalya TUR"]
[Date "2013.02.09"]
[Round "11.33"]
[White "Kayar,E"]
[Black "Menzi,N"]
[Result "0-1"]
[WhiteElo "2087"]
[BlackElo "1872"]

1.d4 Nf6 2.c4 g6 3.Nc3 Bg7 4.e4 d6 5.Nf3 O-O 6.Be2 e5 7.O-O Nc6 8.d5 Ne7
9.Ne1 Nd7 10.Nd3 f5 11.f3 f4 12.Bd2 g5 13.b4 h5 14.c5 Nf6 15.Nf2 Ng6 16.a4 Nh4
17.g4 hxg4 18.fxg4 Ne8 19.Bf3 Qf6 20.Be1 Qh6 21.Nd3 Rf7 22.Qe2 Bf8 23.Bxh4 Qxh4  0-1

[Event "Horodok-800 years IM"]
[Site "Horodok UKR"]
[Date "2013.02.12"]
[Round "3"]
[White "Berlin,D"]
[Black "Sevostianov,P"]
[Result "1/2-1/2"]
[WhiteElo "2065"]
[BlackElo "2305"]

1.d4 Nf6 2.c4 g6 3.Nc3 Bg7 4.e4 d6 5.Nf3 O-O 6.Be2 e5 7.O-O Nc6 8.d5 Ne7
9.Ne1 c5 10.Nd3 Ne8 11.a3 f5 12.f3 Kh8 13.b4 b6 14.Rb1 Ng8 15.Be3 Bh6 16.Bxh6 Nxh6
17.bxc5 bxc5 18.Qd2 Ng8  1/2-1/2

[Event "ch-ROU w 2013"]
[Site "Baile Olanesti ROU"]
[Date "2013.02.16"]
[Round "1.7"]
[White "Toma,E"]
[Black "Sandu,Mi"]
[Result "0-1"]
[WhiteElo "1722"]
[BlackElo "2222"]

1.d4 Nf6 2.c4 g6 3.Nc3 Bg7 4.e4 d6 5.Nf3 O-O 6.Be2 e5 7.O-O Nc6 8.d5 Ne7
9.Be3 Ng4 10.Qd2 Nxe3 11.Qxe3 f5 12.b4 fxe4 13.Nxe4 Nf5 14.Qb3 Nd4 15.Nxd4 exd4
16.Bd3 Be5 17.Qc2 Bf5 18.Ng3 Bxd3 19.Qxd3 Qd7 20.Rad1 c6 21.Ne2 c5 22.b5 Qg4
23.Ng3 Qh4 24.Rde1 Rf7 25.Re4 Qh6 26.a4 Raf8 27.a5 Rf5 28.Re2 Rf4 29.Re4 Rxe4
30.Qxe4 Qd2 31.Qe2 Qxe2 32.Nxe2 d3 33.Nc1 d2 34.Nd3 Bc3 35.a6 bxa6 36.bxa6 Re8  0-1

[Event "TCh-CZE Extraliga 2012-13"]
[Site "Czech Republic CZE"]
[Date "2013.02.16"]
[Round "5.1"]
[White "Babula,V"]
[Black "Zvara,P"]
[Result "1-0"]
[WhiteElo "2585"]
[BlackElo "2419"]

1.d4 Nf6 2.c4 g6 3.Nc3 Bg7 4.e4 d6 5.Nf3 O-O 6.Be2 e5 7.O-O Nc6 8.d5 Ne7
9.b4 Ne8 10.c5 f5 11.Ba3 Nf6 12.Ng5 fxe4 13.cxd6 cxd6 14.Ncxe4 Nxe4 15.Nxe4 Nf5
16.b5 Qb6 17.Qd3 Bd7 18.Rab1 Rac8 19.Bb4 Rf7 20.a4 Bf8 21.Bg4 Qd8 22.Rbc1 Rxc1
23.Rxc1 Nd4 24.Bxd7 Rxd7 25.Bd2 Rf7 26.Bg5 Rc7 27.Rxc7 Qxc7 28.Bd2 Qc8 29.h3 Be7
30.Be3 Nf5 31.Bxa7 Qc1+ 32.Kh2 h5 33.a5 Bg5 34.a6 bxa6 35.bxa6 h4 36.Nxg5 Qf4+
37.Kg1 Qc1+ 38.Qf1 Qxg5 39.Bb6 Qd2 40.a7 Qxd5 41.Qa6 Qa8 42.Qc4+ Kg7 43.Qc7+ Kh6
44.Qd8 Qc6 45.Qh8+ Kg5 46.Bd8+ Kf4 47.a8=Q  1-0

[Event "ch-CHI Final 2013"]
[Site "Iquique CHI"]
[Date "2013.02.16"]
[Round "4.3"]
[White "Torres Bravo,C"]
[Black "Perez Gormaz,M"]
[Result "1-0"]
[WhiteElo "2314"]
[BlackElo "2317"]

1.d4 Nf6 2.c4 g6 3.Nc3 Bg7 4.e4 d6 5.Nf3 O-O 6.Be2 e5 7.O-O Nc6 8.d5 Ne7
9.Ne1 Nd7 10.Be3 f5 11.f3 f4 12.Bf2 g5 13.Rc1 Rf6 14.c5 Rh6 15.Nb5 Nxc5 16.Nd3 Nxd3
17.Qxd3 c5 18.dxc6 bxc6 19.Nxa7 Bd7 20.Nxc6 Nxc6 21.Qd5+ Kh8 22.Rxc6 Bxc6
23.Qxc6 Rxa2 24.Qb7 Ra8 25.Rc1 Rb8 26.Qd5 Rxb2 27.Ba6 Bf8 28.h3 Qf6 29.Qa8 Qg7
30.Rc7 Qf6 31.Qe8 Rb1+ 32.Kh2 Rg6 33.Rf7 Qxf7 34.Qxf7  1-0

[Event "Iceland-China Friendly Match"]
[Site "Reykjavik ISL"]
[Date "2013.02.16"]
[Round "6.4"]
[White "Kjartansson,G"]
[Black "Tan Zhongyi"]
[Result "0-1"]
[WhiteElo "2430"]
[BlackElo "2466"]

1.d4 Nf6 2.c4 g6 3.Nc3 Bg7 4.e4 d6 5.Nf3 O-O 6.Be2 e5 7.O-O Nc6 8.d5 Ne7
9.Ne1 Nd7 10.Be3 f5 11.f3 f4 12.Bf2 g5 13.Rc1 Ng6 14.Nb5 b6 15.b4 a6 16.Nc3 Rf7
17.Nd3 Bf8 18.c5 h5 19.cxd6 cxd6 20.a4 Nf6 21.h3 Rg7 22.b5 a5 23.Nb2 Rb8
24.Nc4 Nh8 25.Qd3 g4 26.hxg4 hxg4 27.fxg4 Nxg4 28.Bf3 Nf7 29.Nd1 Bd7 30.Be1 Nfh6
31.Qe2 Qg5 32.Nf2 Ne3 33.Nxe3 fxe3 34.Nh1 Ng4 35.Rc7 Rh7 36.g3 Rh2 37.Qd1 Qh6
38.Rc2 Rc8 39.Re2 Rc1 40.Qd3 Rf2 41.Rexf2 exf2+ 42.Rxf2 Rxe1+  0-1

[Event "ch-Central Serbia 2013"]
[Site "Pozarevac SRB"]
[Date "2013.02.19"]
[Round "2.19"]
[White "Doncic,Dragoljub"]
[Black "Djordjevic,Zoran B"]
[Result "0-1"]
[WhiteElo "1844"]
[BlackElo "2083"]

1.d4 Nf6 2.Nf3 g6 3.c4 Bg7 4.Nc3 d6 5.e4 O-O 6.Be2 Nc6 7.O-O e5 8.d5 Ne7
9.Nd2 Ne8 10.b3 f5 11.f3 f4 12.Qe1 g5 13.Nd1 Ng6 14.Nf2 h5 15.Qd1 Rf7 16.Bb2 Bf8
17.Rc1 Rh7 18.h3 Nh4 19.Re1 Qf6 20.Rc3 Qg6 21.Nf1 Nf6 22.Nh2 Bd7 23.Kh1 g4
24.fxg4 hxg4 25.Nfxg4 Nxe4 26.Bf3 Nxc3 27.Bxc3 Nxf3 28.Qxf3 Be7 29.c5 Rf8
30.b4 Bh4  0-1

[Event "e2e4 Brighton Masters 2013"]
[Site "Brighton ENG"]
[Date "2013.02.20"]
[Round "9"]
[White "Lalic,B"]
[Black "Eggleston,D"]
[Result "1/2-1/2"]
[WhiteElo "2478"]
[BlackElo "2343"]

1.Nf3 Nf6 2.c4 g6 3.Nc3 Bg7 4.e4 d6 5.d4 O-O 6.Be2 e5 7.O-O Nc6 8.d5 Ne7
9.Ne1 Ne8 10.Nd3 f5 11.exf5 Bxf5 12.f3  1/2-1/2

[Event "33rd TCh-IND 2013"]
[Site "Hyderabad IND"]
[Date "2013.02.21"]
[Round "2.3"]
[White "Arjun,B"]
[Black "Vishnu,P"]
[Result "0-1"]
[WhiteElo "2294"]
[BlackElo "2483"]

1.Nf3 Nf6 2.c4 g6 3.Nc3 Bg7 4.e4 O-O 5.d4 d6 6.Be2 e5 7.O-O Nc6 8.d5 Ne7
9.Ne1 Nd7 10.Be3 f5 11.f3 f4 12.Bf2 g5 13.g4 h5 14.h3 Kf7 15.Nd3 Rh8 16.Kg2 Ng6
17.Rh1 Bf8 18.b4 Be7 19.Qb3 Nf6 20.c5 Kg7 21.Rac1 Nh4+ 22.Bxh4 gxh4 23.cxd6 cxd6
24.Nf2 Bd7 25.Bb5 Bc8 26.Bd3 a6 27.a4 Bd7 28.a5 Qe8 29.Ra1 Nh7 30.b5 Ng5
31.bxa6 bxa6 32.Be2 hxg4 33.hxg4 h3+ 34.Kh2 Rb8 35.Qa3 Qg6 36.Ncd1 Rhc8 37.Ra2 Qh6
38.Bxa6 Rc5 39.Be2 Bb5 40.Nd3 Rc4 41.a6 Ra4 42.Qxa4 Bxa4 43.Rxa4 Bd8 44.a7 Rc8
45.a8=Q Rxa8 46.Rxa8 Qh4 47.Rg1 Bb6 48.N1f2 Bxf2 49.Raa1 Bxg1+ 50.Rxg1 Qh8
51.Rf1 Qc8  0-1

[Event "ch-ROU 2013"]
[Site "Baile Olanesti ROU"]
[Date "2013.02.22"]
[Round "9.44"]
[White "Marchidan,Costica"]
[Black "Arghirescu,M"]
[Result "1-0"]
[WhiteElo "1757"]
[BlackElo "1912"]

1.d4 Nf6 2.Nf3 g6 3.c4 d6 4.Nc3 Bg7 5.e4 O-O 6.Be2 e5 7.O-O Nc6 8.d5 Ne7
9.b4 Nd7 10.Be3 a6 11.a4 f5 12.Ng5 Nf6 13.f3 f4 14.Bf2 h6 15.Ne6 Bxe6 16.dxe6 Kh7
17.b5 Ne8 18.c5 Qc8 19.Bc4 a5 20.b6 dxc5 21.Bxc5 Bf6 22.Nd5 cxb6 23.Bxe7 Bxe7
24.Nxe7 Qc5+ 25.Kh1 Qxe7 26.Qd7 Qxd7 27.exd7 Nf6 28.Be6 Rfd8 29.Rfd1 Kg7
30.Rac1 Kf8 31.Rc7 Ke7 32.Bh3 Rab8 33.Kg1 h5 34.Kf2 g5 35.Bf5 g4 36.Rd3 g3+
37.hxg3 fxg3+ 38.Kxg3 Rg8+ 39.Kh4 Rbd8 40.g3 Rg7  1-0

[Event "3rd Petropolis Open"]
[Site "Petropolis BRA"]
[Date "2013.02.22"]
[Round "1.7"]
[White "Teixeira,Guilherme Vargas"]
[Black "Burgos,M"]
[Result "0-1"]
[WhiteElo "1627"]
[BlackElo "2194"]

1.d4 Nf6 2.c4 g6 3.Nc3 Bg7 4.e4 d6 5.Nf3 O-O 6.Be2 e5 7.O-O Nc6 8.d5 Ne7
9.b4 Nh5 10.Re1 f5 11.g3 Nf6 12.Ng5 h6 13.Ne6 Bxe6 14.dxe6 fxe4 15.Bf1 c6
16.Nxe4 Nxe4 17.Rxe4 d5 18.cxd5 cxd5 19.Re2 Qb6 20.Bh3 Qxb4 21.Rb2 Qc5 22.Rc2 Qa5
23.Rb1 Rab8 24.Bd2 Qd8 25.Bb4 Re8 26.Rbc1 Nc6 27.e7 Nxe7 28.Bxe7 Qxe7 29.Qxd5+ Qf7
30.Qe4 Re7 31.Bf1 Kh7 32.Bd3 Rd8 33.h4 Rd4 34.Qe2 e4 35.Bc4 Qf5 36.Bb3 e3
37.f3 Qh3 38.Rc8 Qxg3+ 39.Kf1 h5 40.Rd1 Qxh4 41.Kg2 Qg5+ 42.Kf1 Rh4  0-1

[Event "33rd TCh-IND 2013"]
[Site "Hyderabad IND"]
[Date "2013.02.23"]
[Round "5.4"]
[White "Nath,R"]
[Black "Deshmukh,A"]
[Result "1/2-1/2"]
[WhiteElo "2089"]
[BlackElo "2231"]

1.d4 g6 2.Nf3 Bg7 3.e4 d6 4.c4 Nf6 5.Nc3 O-O 6.Be2 e5 7.O-O Nc6 8.d5 Ne7
9.Ne1 Ne8 10.Nd3 f5 11.Bd2 h6 12.a3 Kh7 13.b4 fxe4 14.Nxe4 c6 15.dxc6 bxc6
16.Rc1 d5 17.cxd5 cxd5 18.Nec5 Nd6 19.f3 Nef5 20.Nf2 Qe7 21.Bd3 Nh4 22.Qb3 Qf7
23.Na6 Nc4 24.Rxc4 dxc4 25.Bxc4 Qd7 26.Rd1 Bxa6  1/2-1/2

[Event "29th Open"]
[Site "Cappelle la Grande FRA"]
[Date "2013.02.25"]
[Round "4.105"]
[White "Maruejols,C"]
[Black "Andrenko,I"]
[Result "0-1"]
[WhiteElo "1972"]
[BlackElo "2228"]

1.d4 Nf6 2.c4 g6 3.Nc3 Bg7 4.e4 d6 5.Nf3 O-O 6.Be2 e5 7.O-O Nc6 8.d5 Ne7
9.Ne1 Nd7 10.Nd3 f5 11.Bd2 fxe4 12.Nxe4 Nf5 13.f3 Nf6 14.Ndf2 Nd4 15.Nxf6+ Qxf6
16.Bd3 Bf5 17.Be4 c5 18.dxc6 bxc6 19.Be3 Bxe4 20.Nxe4 Qe6 21.Rc1 Nf5 22.Bf2 Bh6
23.Rc3 d5 24.cxd5 cxd5 25.Nc5 Qf7 26.g4 d4 27.Rb3 Ne3 28.Bxe3 Bxe3+ 29.Kg2 Rac8
30.Ne4 Rc6 31.Ra3 Rb8 32.Qb1 Rbc8 33.b4 Rc2+  0-1

[Event "33rd TCh-IND 2013"]
[Site "Hyderabad IND"]
[Date "2013.02.25"]
[Round "8.2"]
[White "Thejkumar,M"]
[Black "Deshmukh,A"]
[Result "1/2-1/2"]
[WhiteElo "2407"]
[BlackElo "2231"]

1.d4 Nf6 2.Nf3 g6 3.c4 Bg7 4.Nc3 O-O 5.e4 d6 6.Be2 e5 7.O-O Nc6 8.d5 Ne7
9.b4 a5 10.Ba3 axb4 11.Bxb4 b6 12.a4 Ne8 13.Nb5 f5 14.Nd2 Kh8 15.Qb3 Bh6
16.f4 c6 17.dxc6 Nxc6 18.Bc3 Bg7 19.Bf3 Bb7 20.Rad1 Qh4 21.g3 Qh6 22.exf5 gxf5
23.Bb2 exf4 24.gxf4 Na5 25.Qa3 Rg8 26.Kh1 Bxf3+ 27.Rxf3 Bxb2 28.Qxb2+ Qg7
29.Qxg7+ Rxg7 30.Nd4 Rf7 31.Rb1 Nb7 32.Rxb6 Rxa4 33.Re3 Nf6 34.Nxf5 Ra1+
35.Rb1 Rxb1+ 36.Nxb1 Ng8 37.Ng3 Rxf4 38.Nd2 Rd4 39.Re2 d5 40.cxd5 Rxd5  1/2-1/2

[Event "5th Batavia GM 2013"]
[Site "Amsterdam NED"]
[Date "2013.02.28"]
[Round "1.3"]
[White "Reinderman,D"]
[Black "Zhou,Y"]
[Result "1-0"]
[WhiteElo "2599"]
[BlackElo "2437"]

1.d4 Nf6 2.c4 g6 3.Nc3 Bg7 4.e4 O-O 5.Nf3 d6 6.Be2 e5 7.O-O Nc6 8.d5 Ne7
9.Ne1 Nd7 10.Be3 f5 11.f3 f4 12.Bf2 g5 13.Rc1 Rf6 14.Nd3 Rh6 15.c5 Qe8 16.Nb5 Qh5
17.h4 gxh4 18.Nxc7 h3 19.g4 fxg3 20.Bxg3 Rg6 21.Qe1 h2+ 22.Kh1 Qh3 23.cxd6 Rxg3
24.Qf2 Ng6 25.Nxa8 Nc5 26.Rxc5 Bd7 27.Qxh2 Bh6 28.Rf2 Be3 29.Rc7 Nf4 30.Nxf4 exf4
31.Qxh3 Bxh3 32.Bf1 Bxf2 33.Bxh3 Kf8 34.Be6 Bd4 35.Rf7+  1-0

[Event "20th Bunratty Classic"]
[Site "Bunratty IRL"]
[Date "2013.02.28"]
[Round "3.5"]
[White "Daly,C"]
[Black "Hebden,M"]
[Result "0-1"]
[WhiteElo "2340"]
[BlackElo "2518"]

1.d4 Nf6 2.Nf3 g6 3.c4 Bg7 4.Nc3 O-O 5.e4 d6 6.Be2 e5 7.O-O Nc6 8.d5 Ne7
9.Bg5 Kh8 10.Nd2 c5 11.Rb1 Ne8 12.b4 b6 13.bxc5 bxc5 14.Qa4 Bf6 15.Be3 Bd7
16.Qa6 Ng8 17.Nb5 Bxb5 18.cxb5 Bg5 19.Bxg5 Qxg5 20.Nc4 Qd8 21.Qa5 Nc7 22.Qc3 Nf6
23.Bd3 Kg8 24.a4 Nh5 25.g3 f5 26.f3 Ne8 27.Qd2 f4 28.g4 Nhg7 29.Qg2 Rf7 30.Kh1 g5
31.Rg1 Nf6 32.Qf2 h5 33.gxh5 Nfxh5 34.Qg2 Qf6 35.Qg4 Kh7 36.Rb2 Qh6 37.Rbg2 Rf6
38.Qxg5 Ng3+ 39.Rxg3 fxg3 40.Qxh6+ Kxh6 41.Rxg3 Nh5 42.Rh3 Rg8 43.Ne3 Kg5
44.Be2 Rfg6 45.Kg1 Nf4 46.Rg3+ Kf6 47.Ng4+ Rxg4 48.Rxg4 Nxe2+ 49.Kf2 Rxg4
50.fxg4 Nc3 51.h4 Nxe4+  0-1

[Event "29th Open"]
[Site "Cappelle la Grande FRA"]
[Date "2013.02.28"]
[Round "7.32"]
[White "Clery,N"]
[Black "Castellanos Rodriguez,R"]
[Result "1/2-1/2"]
[WhiteElo "2373"]
[BlackElo "2529"]

1.d4 Nf6 2.c4 g6 3.Nc3 Bg7 4.e4 d6 5.Nf3 O-O 6.Be2 e5 7.O-O Nc6 8.d5 Ne7
9.Ne1 Nd7 10.Nd3 f5 11.Bd2 Nf6 12.f3 f4 13.c5 g5 14.cxd6 cxd6 15.Nf2 Ng6
16.Qc2 h5 17.Nb5 Rf7 18.Rfc1 Ne8 19.a4 Bd7 20.h3 Bf8 21.Qb3 Rg7 22.Rc3 a6
23.Na3 Nf6 24.Nc4 b5 25.axb5 Bxb5 26.Qd1 Rc8 27.Na5 Rxc3 28.Bxc3 Nh4 29.Be1 Qb6
30.Bxb5 axb5 31.Nc6 g4 32.Ba5 Qe3 33.Ra3 gxf3 34.Rxe3 Rxg2+ 35.Kh1 fxe3 36.Bd8 Rxf2
37.Bxf6 Ng2 38.Qg1 Re2 39.Bg5 Kh7 40.Qf1 Re1 41.Qxe1 Nxe1 42.Bxe3 Bh6 43.Bb6 Nd3
44.b4 Bd2 45.Na7 Bxb4 46.Nxb5 Kg6 47.Be3 Kf7 48.Kh2 h4 49.Kg1 Ke8 50.Bg5 Bc5+
51.Kf1 Kd7 52.Bxh4 Nf4 53.Bf2 Nxh3 54.Bxc5 dxc5 55.Na3 Ng5 56.Nc4 Nxe4 57.Nxe5+ Kd6
58.Nxf3 Kxd5 59.Ke2 Kc4 60.Ne5+ Kb3 61.Kd3 Nd6 62.Ke2 Kc3 63.Nd7  1/2-1/2

[Event "29th Open"]
[Site "Cappelle la Grande FRA"]
[Date "2013.03.02"]
[Round "9.155"]
[White "Benali,Boubaker"]
[Black "Le Pape,V"]
[Result "0-1"]
[WhiteElo "1699"]
[BlackElo "2004"]

1.d4 Nf6 2.c4 g6 3.Nc3 Bg7 4.Nf3 d6 5.e4 O-O 6.Be2 e5 7.O-O Nc6 8.d5 Ne7
9.b4 Nh5 10.Re1 c6 11.Bb2 a5 12.a3 cxd5 13.Nxd5 Nxd5 14.cxd5 f5 15.Nd2 Nf6
16.f3 Bh6 17.Bd3 axb4 18.axb4 Rxa1 19.Bxa1 Qb6+ 20.Kh1 Qxb4 21.Nb1 Bd7 22.Bc3 Qc5
23.Qb3 fxe4 24.fxe4 Ng4  0-1

[Event "TCh-CAT Div Hon 2013"]
[Site "Catalonia ESP"]
[Date "2013.03.02"]
[Round "7.3"]
[White "Simonet,M"]
[Black "Aloma Vidal,R"]
[Result "0-1"]
[WhiteElo "2246"]
[BlackElo "2389"]

1.d4 Nf6 2.c4 g6 3.Nc3 Bg7 4.e4 d6 5.Nf3 O-O 6.Be2 e5 7.O-O Nc6 8.d5 Ne7
9.b4 Ne8 10.a4 f5 11.a5 Nf6 12.Bg5 fxe4 13.Nd2 Nf5 14.Ndxe4 Nd4 15.Bd3 Bf5
16.Ne2 Qd7 17.Bxf6 Nxe2+ 18.Qxe2 Bxf6 19.c5 Be7 20.a6 b6 21.cxb6 cxb6 22.Bb5 Qd8
23.Rfc1 Rc8 24.Rc6 Rxc6 25.Bxc6 Bxe4 26.Qxe4 Rf4 27.Qe1 Bg5 28.g3 Rc4 29.Bb5 Rc2
30.Qe4 Qc8 31.Bc6 Qf5 32.Qxf5 gxf5 33.Bd7 f4 34.Ra3 Kg7 35.Bf5 Rc4 36.h4 Bd8
37.Rb3 h6 38.Kg2 Kf6 39.Bg4 b5 40.Be2 Rc2 41.Bxb5 e4 42.gxf4 Bb6 43.Kg3 Bxf2+
44.Kg2 Kf5 45.Kf1 Kxf4 46.Be2 Bxh4 47.b5 Bd8 48.Rb4 Rc1+ 49.Kg2 Bb6 50.Bd3 Rg1+
51.Kh2 Re1 52.Kg2 Ke5 53.Bc4 Rc1 54.Kg3 h5 55.Kh4 Rh1+ 56.Kg3 h4+ 57.Kg2 Ra1
58.Kh3 Kf4 59.Rb3 Rh1+ 60.Kg2 Rc1 61.Be2 Rc2 62.Kf1 Be3  0-1

[Event "TCh-ISL 2012-13"]
[Site "Reykjavik ISL"]
[Date "2013.03.02"]
[Round "6.2"]
[White "Andersen,Mad"]
[Black "Cherednichenko,S"]
[Result "1-0"]
[WhiteElo "2470"]
[BlackElo "2303"]

1.d4 Nf6 2.c4 g6 3.Nc3 Bg7 4.e4 d6 5.Nf3 O-O 6.Be2 e5 7.O-O Nc6 8.Be3 Ng4
9.Bg5 f6 10.Bc1 f5 11.Bg5 Qe8 12.d5 Nd8 13.Nd2 Nf6 14.f3 f4 15.Rc1 Rf7 16.Bh4 h6
17.Bf2 Bf8 18.b4 g5 19.c5 Rg7 20.cxd6 Bxd6 21.Nb5 g4 22.Nxd6 cxd6 23.Bh4 Qg6
24.Bxf6 gxf3 25.Bxf3 Qxf6 26.Kh1 Qg6 27.Qe2 Qe8 28.Rc3 Qa4 29.Rfc1 Bd7 30.a3 b5
31.Qf2 Qa6 32.Qh4 Kh7 33.Bh5 Qb6 34.Nf3 Nb7 35.Rc7 Rag8 36.Bg6+ Rxg6 37.Rxd7+ R8g7
38.Rxg7+ Rxg7 39.Qh5 Qd8 40.Qf5+ Rg6 41.Rc6 Qe7 42.Nxe5 Qxe5 43.Rc7+ Kh8
44.Qf8+  1-0

[Event "TCh-ISL 2012-13"]
[Site "Reykjavik ISL"]
[Date "2013.03.02"]
[Round "7.7"]
[White "Johannesson,I"]
[Black "Sigfusson,S"]
[Result "1/2-1/2"]
[WhiteElo "2346"]
[BlackElo "2324"]

1.Nf3 Nf6 2.c4 g6 3.Nc3 Bg7 4.d4 O-O 5.e4 d6 6.Be2 e5 7.O-O Nc6 8.d5 Ne7
9.Ne1 Nd7 10.Nd3 f5 11.Bd2 f4 12.Bg4 Nf6 13.Bxc8 Qxc8 14.c5 f3 15.Qxf3 Nfxd5
16.Nxd5 Nxd5 17.Qd1 Nf4 18.cxd6  1/2-1/2

[Event "TCh-SVK Extraliga 2012-13"]
[Site "Slovakia SVK"]
[Date "2013.03.02"]
[Round "10.4"]
[White "Hajek,Lu1"]
[Black "Skreno,V"]
[Result "1/2-1/2"]
[WhiteElo "2155"]
[BlackElo "2165"]

1.d4 Nf6 2.c4 g6 3.Nc3 Bg7 4.e4 d6 5.Be2 O-O 6.Nf3 e5 7.O-O Nc6 8.d5 Ne7
9.Ne1 Nd7 10.Nd3 f5 11.Bd2 Nf6 12.f3 f4 13.c5 g5 14.cxd6 cxd6 15.Nf2 Rf7
16.Qc2 Bf8 17.Nb5 Ne8 18.Rfc1 Bd7 19.a4 a6 20.Na3 h5 21.h3 Rg7 22.Nc4 Nc8
23.Ra3 Nf6 24.Qd1 Qe8 25.Na5 b6 26.Nc6 g4 27.fxg4 hxg4 28.hxg4 Qg6 29.Bf3 Qg5
30.Be2 Qg6 31.Bf3 Qg5 32.Be2 Qg6  1/2-1/2

[Event "TCh-SVK Extraliga 2012-13"]
[Site "Slovakia SVK"]
[Date "2013.03.02"]
[Round "10.1"]
[White "Veres,An"]
[Black "Gazik,Viktor"]
[Result "0-1"]
[WhiteElo "2138"]
[BlackElo "2059"]

1.d4 Nf6 2.Nf3 g6 3.c4 Bg7 4.Nc3 O-O 5.e4 d6 6.Be2 e5 7.O-O Nc6 8.d5 Ne7
9.b4 Nh5 10.Re1 f5 11.Ng5 Nf6 12.Bf3 h6 13.Ne6 Bxe6 14.dxe6 c6 15.b5 Qa5
16.Bd2 Qc7 17.Qb3 fxe4 18.Nxe4 Nf5 19.Bc3 Qc8 20.c5 Nxe4 21.e7+ Rf7 22.Bxe4 d5
23.Bd3 Rxe7 24.f4 e4 25.Bxg7 Kxg7  0-1

[Event "Zagreb Open A 2013"]
[Site "Zagreb CRO"]
[Date "2013.03.03"]
[Round "8.16"]
[White "Bozinovic,Bog"]
[Black "Armanda,I"]
[Result "0-1"]
[WhiteElo "2186"]
[BlackElo "2380"]

1.d4 Nf6 2.c4 g6 3.Nc3 Bg7 4.e4 d6 5.Nf3 O-O 6.Be2 e5 7.O-O Nc6 8.d5 Ne7
9.Ne1 Nd7 10.Nd3 f5 11.Bd2 Nf6 12.f3 f4 13.c5 g5 14.cxd6 cxd6 15.Nf2 h5 16.a4 Ng6
17.h3 Nh4 18.Ra3 Rf7 19.Qc2 Bf8 20.Rc1 g4 21.hxg4 hxg4 22.fxg4 Rg7 23.Qd1 Nh5
24.Nb5 Ng3 25.Rac3 Rh7 26.Bf1 Ng6 27.g5 Qb6  0-1

[Event "29th ChessOrg Open"]
[Site "Bad Woerishofen GER"]
[Date "2013.03.05"]
[Round "5.22"]
[White "Arounopoulos,S"]
[Black "Meier,V"]
[Result "1/2-1/2"]
[WhiteElo "2129"]
[BlackElo "2249"]

1.d4 Nf6 2.c4 g6 3.Nc3 Bg7 4.e4 d6 5.Nf3 O-O 6.Be2 e5 7.O-O Nc6 8.d5 Ne7
9.Ne1 Nd7 10.Be3 f5 11.f3 f4 12.Bf2 g5 13.Rc1 Ng6 14.c5 Nf6 15.cxd6 cxd6
16.Nb5 b6  1/2-1/2

[Event "TCh-CAT Div Hon 2013"]
[Site "Catalonia ESP"]
[Date "2013.03.09"]
[Round "8.6"]
[White "Serra Pages,J"]
[Black "Pueyo Burrell,D"]
[Result "1/2-1/2"]
[WhiteElo "2213"]
[BlackElo "2175"]

1.d4 Nf6 2.c4 g6 3.Nc3 Bg7 4.e4 d6 5.Nf3 O-O 6.Be2 e5 7.O-O Nc6 8.d5 Ne7
9.b4 Nh5 10.g3 f5 11.Ng5 Nf6 12.f3 h6 13.Ne6 Bxe6 14.dxe6 Kh7 15.b5 Re8 16.Bd3 fxe4
17.Bxe4 Rb8 18.Be3 Nxe4 19.fxe4 Nc8 20.Qg4 Qe7 21.Nd5 Qxe6 22.Qxe6 Rxe6 23.Nxc7 Rf6
24.Rxf6 Bxf6 25.Rf1 Bg5 26.Bxg5 hxg5 27.Rf8 g4 28.Ne8 a6 29.Nxd6  1/2-1/2

[Event "Karpos Open 2013"]
[Site "Skopje MKD"]
[Date "2013.03.09"]
[Round "1.89"]
[White "Csonka,B"]
[Black "Onal,Ozan"]
[Result "1-0"]
[WhiteElo "2319"]
[BlackElo "1461"]

1.d4 Nf6 2.c4 g6 3.Nc3 Bg7 4.e4 d6 5.Nf3 O-O 6.Be2 e5 7.O-O Nc6 8.d5 Ne7
9.b4 Ne8 10.c5 f5 11.Nd2 Nf6 12.a4 f4 13.Nc4 g5 14.Ba3 Ng6 15.cxd6 cxd6 16.b5 Ne8
17.Rc1 Rf7 18.Bg4 Bf8 19.Be6 Bxe6 20.dxe6 Rg7 21.Nd5 Nh4 22.Qg4 h5 23.Qxh5 g4
24.Nxe5 Nf6 25.Nxf6+ Qxf6 26.Nxg4 Qxe6 27.Qxh4 Rxg4 28.Qh3 Qg6 29.Bb2 Bg7
30.Bxg7 Qxg7 31.Rc7 Qg6 32.Rxb7 Rf8 33.f3 Rg5 34.Re7 Re8 35.Rxe8+ Qxe8 36.Rc1 Qf7
37.Rc8+  1-0

[Event "TCh-AUT 2 East 2012-13"]
[Site "Austria AUT"]
[Date "2013.03.10"]
[Round "9.2"]
[White "Ganaus,H"]
[Black "Pinter,E"]
[Result "1/2-1/2"]
[WhiteElo "2331"]
[BlackElo "2379"]

1.d4 Nf6 2.c4 g6 3.Nc3 Bg7 4.e4 d6 5.Nf3 O-O 6.Be2 e5 7.O-O Nc6 8.d5 Ne7
9.Kh1 Nd7 10.g4 a5 11.Rg1 Nc5 12.Be3 Kh8 13.Qd2 Ng8 14.Rg3 Nf6 15.Bxc5 dxc5
16.Ne1 Kg8 17.Nd3 Qe7 18.a4 Rd8 19.Qe3 b6 20.Rag1 Ne8 21.b3 Bd7 22.Kg2 Nd6
23.Kf1 h6 24.Ne1 Bf6 25.Nf3 Bg5 26.Nxg5 Qxg5 27.Qxg5 hxg5 28.Kg2 Kg7 29.Rd1 Rh8
30.h3 Rh4 31.Re3 Rah8 32.Rh1 Ne8 33.f3 Kf8 34.Bf1 Ke7 35.Kg1 Kd6 36.Rh2 Nf6
37.Rd2 Ne8  1/2-1/2

[Event "TCh-FIN SM 2012-13"]
[Site "Helsinki FIN"]
[Date "2013.03.10"]
[Round "14.1"]
[White "Veingold,A"]
[Black "Sammalvuo,T"]
[Result "1/2-1/2"]
[WhiteElo "2470"]
[BlackElo "2470"]

1.d4 Nf6 2.Nf3 g6 3.c4 Bg7 4.Nc3 O-O 5.e4 d6 6.Be2 e5 7.O-O Nc6 8.d5 Ne7
9.b4 a5 10.Ba3 axb4 11.Bxb4 b6  1/2-1/2

[Event "Karpos Open 2013"]
[Site "Skopje MKD"]
[Date "2013.03.10"]
[Round "3.19"]
[White "Arsovic,Z"]
[Black "Jankovic,A"]
[Result "0-1"]
[WhiteElo "2439"]
[BlackElo "2538"]

1.Nf3 Nf6 2.c4 g6 3.Nc3 Bg7 4.e4 d6 5.d4 O-O 6.Be2 e5 7.O-O Nc6 8.d5 Ne7
9.Kh1 Ne8 10.Ne1 f5 11.exf5 Nxf5 12.Nf3 h6 13.Nd2 Nf6 14.Nde4 Nxe4 15.Nxe4 b6
16.Bd3 a5 17.b3 Qh4 18.f3 Bd7 19.a3 g5 20.Ra2 Nd4 21.Be3 g4 22.Bf2 Qh5 23.Bxd4 exd4
24.f4 Qh4 25.g3 Qe7 26.Re2 Qf7 27.f5 Bxf5 28.Nxd6 cxd6 29.Bxf5 Qxf5 30.Rxf5 Rxf5
31.Re7 h5 32.Qd3 Raf8 33.Re8 Rxe8 34.Qxf5 Re5 35.Qg6 Re3 36.Qxh5 Re1+ 37.Kg2 d3
38.Kf2 Re5  0-1